Australian Boomers 2019 FIBA World Cup Team - Statistics

General Stats
  • This quiz has been taken 6 times
  • The average score is 7 of 13
Answer Stats
Position Answer % Correct
Center Andrew Bogut
100%
Forward Joe Ingles
100%
Guard Matthew Dellavedova
100%
Guard Patty Mills
100%
Center Aron Baynes
80%
Guard/Forward Chris Goulding
60%
Coach Andrej Lemanis
40%
Forward/Center Jock Landale
40%
Forward Mitch Creek
40%
Forward David Barlow
20%
Guard Nathan Sobey
20%
Forward Nick Kay
20%
Guard/Forward Cam Gliddon
0%
No matching quizzes found
Score Distribution
Percent of People with Each Score
Percentile by Number Answered
Your Score History
You have not taken this quiz